01983nab a2200361 i 4500003000900000005001700009008004100026040001800067072001400085072000800099100001900107100001900126100001800145100001700163100002000180100001900200100001900219100002100238100002400259245008300283500005900366520075400425650001501179650002001194650002001214650001401234650001201248650001501260650002001275650001801295773022801313856008001541BR-BrBNA20240923100834.0240923b2018 bl.|r|pooa||| 00| 0 eng | aBR-BrBNAbeng aL73b6100 aL70 aPereira, C.G.  aSaraiva, G.L.  aSantos, M.R.  aAssao, V.S.  aFietto, J.L.R.  aBressan, G.C.  aAlmeida, M.R.  aMoreira, M.A.S.  aSilva Júnior, A.  aIsolation and genetic stability of an infectious bronchitis virus strain (IBV) aPublicação online; 12 ref.; 2 illus.; Summary (Pt) a RESUMO - O vírus da bronquite infecciosa (IBV) é um importante patógeno respiratório presente na avicultura comercial e tem provocado grandes perdas econômicas em todo o mundo. A vacinação é realizada pela indústria produtora de aves, mas continuam surgindo novos sorotipos e variações antigênicas, dificultando o controle de IBV. Nós realizamos uma caracterização molecular de uma cepa de IBV obtida diretamente de tecidos e comparamos com a mesma cepa que havia sido passada três vezes em ovo embrionado. Nós mostramos uma variação significante na sequência viral depois de ter sido isolada em ovo embrionado. Palavras-chave: vírus da bronquite infecciosa, isolamento, caracterização, estabilidade aAVICULTURA aFRANGO DE CORTE aDOENÇA ANIMAL aBRONQUITE aVÍRUS aISOLAMENTO aSANIDADE ANIMAL aVETERINÁRIA0 01643dBelo Horizonte-MG Universidade Federal de Minas Gerais - Escola de Veterinaria 1983o2024-4754tArquivo Brasileiro de Medicina Veterinária e Zootecnia (Brazil)x0102-0935gv. 70(4) p. 1333-1337; (2018)wBR2024002513 uhttps://www.scielo.br/j/abmvz/a/Q4M9nbK9PWFsHznVPDxXbBn/?format=pdf&lang=en